20 Máximos goleadores historicos de Boca Juniors - Estadísticas

Estadísticas generales
  • Esta prueba ha sido intentada 45 veces
  • La puntuación promedio es 9 de 20
Estadísticas de respuestas
Goles Jugador % Correcto
236 Martín Palermo
97%
94 Carlos Tévez
94%
92 Juan Román Riquelme
94%
71 Darío Benedetto
89%
82 Rodrigo Palacio
61%
79 Ángel Rojas
58%
86 Guillermo Barros Schelotto
53%
86 Sergio Martínez
50%
194 Francisco Varallo
42%
77 Diego Latorre
39%
218 Roberto Cherro
39%
71 Paulo Valentim
31%
124 Mario Boyé
28%
83 Alfredo Graciani
25%
114 Delfín Benítez Cáceres
25%
129 Jaime Sarlanga
25%
81 Osvaldo Potente
25%
97 Pío Corcuera
25%
191 Domingo Tarasconi
22%
94 Pedro Calomino
22%
No se encontraron pruebas coincidentes
Distribución de puntuación
Porcentaje de gente con cada puntuación
Porcentaje por número respondido
Historial de tus puntuaciones
No has intentado esta prueba.